01370nam a2200325Ia 4500001001200000003000800012006001900020007001500039008004100054020001800095020002200113040002100135035002000156050002500176100002400201245013900225246006500364260004400429300001100473490002900484504006500513533015200578650003100730650005800761655002900819710001700848830003400865856012600899999001901025ebr10380147CaPaEBRm u cr cn|||||||||050131s2005 ne sb 001 0 eng d z9789042019744 z9042019743 (pbk.) aCaPaEBRcCaPaEBR a(OCoLC)6007476514aPN56.M24bH44 2005eb1 aHegerfeldt, Anne C.10aLies that tell the truthh[electronic resource] :bmagic realism seen through contemporary fiction from Britain /cAnne C. Hegerfeldt.3 aMagic realism seen through contemporary fiction from Britain aAmsterdam ;aNew York :bRodopi,c2005. a383 p.1 aCosterus ;vnew ser. 155 aIncludes bibliographical referencs (p. [349]-373) and index. aElectronic reproduction.bPalo Alto, Calif. :cebrary,d2010.nAvailable via World Wide Web.nAccess may be limited to ebrary affiliated libraries. 0aMagic realism (Literature) 0aEnglish fictiony20th centuryxHistory and criticism. 7aElectronic books.2local2 aebrary, Inc. 0aCosterus ;vnew ser., v. 155.40uhttp://site.ebrary.com/lib/rucke/Doc?id=10380147zAn electronic book accessible through the World Wide Web; click to view c101692d101692